Vorlesungen uber continuierliche Gruppen mit geometrischen und anderen Anwendungen

Αποθηκεύτηκε σε:
Λεπτομέρειες βιβλιογραφικής εγγραφής
Κύριος συγγραφέας: Lie, Sophus, 1842-1899
Άλλοι συγγραφείς: Scheffers, Georg, 1866-1945 (Επιμελητής έκδοσης)
Μορφή: Βιβλίο
Γλώσσα:German
Δημοσίευση: Bronx, N.Y. : Chelsea Pub. Co, 1971.
Θέματα:
Ετικέτες: Προσθήκη ετικέτας
Δεν υπάρχουν, Καταχωρήστε ετικέτα πρώτοι!

MARC

LEADER 00000cam a2200000 i 4500
001 1/53833
008 941103r1971 nyu ||| | ger||
020 |a 0828401993 
035 |l 10044817 
035 |a 1987 
040 |a GR-MyUA  |b gre  |e AACR2 
041 0 |a ger 
082 0 |a 512.2  
100 1 |a Lie, Sophus,   |d 1842-1899. 
245 1 0 |a Vorlesungen uber continuierliche Gruppen mit geometrischen und anderen Anwendungen /   |c Sophus Lie ; hearb. und hrsg. von George Scheffers.  
260 |a Bronx, N.Y. :   |b Chelsea Pub. Co,   |c 1971.  
300 |a xii, 810 σ. ;   |c 24 εκ.  
500 |a "A reprint, textually unaltered except for correction of errata, ofa work first published in 1893 at Leipzig." 
650 0 0 |a Continuous groups. 
700 1 |a Scheffers, Georg,   |d 1866-1945,  |e edt 
852 |a INST  |b SAMOS  |e 19941103  |h 512.2 LIE  |p 005300001723  |q 005300001723  |t BK  |y 0 
909 |a Σ  |b 009083